Normal view
MARC view
Entry Personal Name
001 - CONTROL NUMBER
- control field: 562396
003 - CONTROL NUMBER IDENTIFIER
- control field: OSt
005 - DATE AND TIME OF LATEST TRANSACTION
- control field: 20220930193522.0
008 - FIXED-LENGTH DATA ELEMENTS
- fixed length control field: 220930|| aca||aabn | a|a d
040 ## - CATALOGING SOURCE
- Original cataloging agency: OSt
- Transcribing agency: OSt
100 ## - HEADING--PERSONAL NAME
- Personal name: Parameswaran N
670 ## - SOURCE DATA FOUND
- Source citation: Work cat.: (OSt)896577: Parameswaran N., Factorial analysis of job satisfaction among executives, clerks and workers in Escort plant no. 1, Faribadad, 1968
